00350 a2200097 4500001001000000005001700010008004100027245010400068100002000172773006000192ART_4143320260410161942.0260409a 10aEl desafío de mantener las obligaciones salariales adeudadas a un valor razonablemente equitativo1 aFavier, Daniela0 tTemas de derecho laboralg- Nº 4 (abr. 2017)wREV27619